NO BATIDÃO - Lyrics - Statistics

General Stats
  • This quiz has been taken 24 times
  • The average score is 68 of 143
Answer Stats
Answer % Correct
é
93%
No
93%
no
93%
batidão
86%
Ela
79%
ela
79%
64%
baile
43%
coração
43%
linda
43%
perigosa
43%
Vai
43%
vai
43%
a
36%
meu
36%
Mina
36%
pressão
36%
sobe
36%
desce
29%
Desce
29%
jogando
29%
Rouba
21%
Não
14%
quicando
14%
perde
7%
razão
7%
tentação
7%
pura
0%
No matching quizzes found
Score Distribution
Percent of People with Each Score
Percentile by Number Answered
Your Score History
You have not taken this quiz